BIBLIOTECA

SENCICO

Estructuras (Registro nro. 1015)

Detalles MARC
000 -LEADER
fixed length control field 00772nam a2200265Ia 4500
005 - DATE AND TIME OF LATEST TRANSACTION
control field 20251020182456.0
008 - FIXED-LENGTH DATA ELEMENTS--GENERAL INFORMATION
fixed length control field 200515s9999 xx 000 0 und d
020 ## - INTERNATIONAL STANDARD BOOK NUMBER
International Standard Book Number 968-26-1103-2
082 ## - DEWEY DECIMAL CLASSIFICATION NUMBER
Classification number 624.0461/B50
100 ## - MAIN ENTRY--PERSONAL NAME
Personal name Bhatt, Prab
100 ## - MAIN ENTRY--PERSONAL NAME
Personal name Nelson, Hugh
245 #0 - TITLE STATEMENT
Title Estructuras
250 ## - EDITION STATEMENT
Edition statement 1a ed.
260 ## - PUBLICATION, DISTRIBUTION, ETC.
Place of publication, distribution, etc. México, D.F.
260 ## - PUBLICATION, DISTRIBUTION, ETC.
Name of publisher, distributor, etc. CECSA
260 ## - PUBLICATION, DISTRIBUTION, ETC.
Date of publication, distribution, etc. 1999
300 ## - PHYSICAL DESCRIPTION
Extent 602 p.
300 ## - PHYSICAL DESCRIPTION
Other physical details tbl., graf.
500 ## - GENERAL NOTE
General note 1 ejemplar
520 ## - SUMMARY, ETC.
Summary, etc. Se realizan prácticos "análisis de esfuerzos", en los cuales se destacan las bases teóricas fundamentales de los métodos orientados hacia la computadora más que hacia los métodos manuales del cálculo.
650 ## - SUBJECT ADDED ENTRY--TOPICAL TERM
Topical term or geographic name entry element ESTATICA
650 ## - SUBJECT ADDED ENTRY--TOPICAL TERM
Topical term or geographic name entry element ESTRUCTURAS
942 ## - ADDED ENTRY ELEMENTS (KOHA)
Koha item type Libros
Existencias
Fecha de la última vez que lo usaron Pago total Signatura topográfica completa Código de barras Precio efectivo desde Tipo de documento Estado perdido Estado dañado No es para préstamo Retirado Ubicación permanente Ubicación actual Fecha de adquisición
15/05/2020   624.0461/B50 Bib-Lima15051015 15/05/2020 Libros         Biblioteca Central Lima Biblioteca Central Lima 15/05/2020